02499cam a2200349 i 450000100090000000300090000900500170001800800410003502000240007604000380010004100130013808200210015110000400017224501000021226400340031230000400034633600260038633700280041233800270044050400520046750502840051952009230080352100380172665000520176465000410181665300220185765500170187970000420189694200250193899900170196395201690198017920734EG-ScBUE20230528101423.0131028t2014 nyua f b 001 0 eng d a9780415702331 (pbk) aDLCbengerdacDLCdDLCdEG-ScBUE1 aenghund04a720.711222bKRU1 aKrupinska, Jadwiga,eauthor.93750110aWhat an architecture student should know /cJadwiga Krupinska ; translation by Scott Danielson. 1aNew York :bRoutledge,c2014. a288 pages :billustrations ;c24 cm 2rdacontentatextbtxt 2rdamediaaunmediatedbn 2rdacarrieravolumebnc aIncludes bibliographical references and index. 0 aStudent uncertainties-Professional uncertainties-What skills are needed ?-Can I be an autodidact ?-The design process-Analysis through synthesis-in practice-Criticism- Assessment reviews : stage and actors-Assessment reviews : the presented proposal -Awareness and understanding. a"It's not just you. Every architecture student is initially baffled by architecture school - an education so different that it doesn't compare to anything else. With this book you will make it through the program, live up to your expectations, and finally know what is going on. This book will help you learn: Specific working methods, to remove all mystery and help you understand what architecture school and the critique process is meant to achieve, so you'll feel oriented, secure, and confident. How to cope with uncertainty in the design process so you'll understand what seems natural and obvious to your professors. How to develop the ability to synthesize the complexity of architecture in terms of function, durability, and beauty. Key concepts are defined throughout and references at the end of each chapter will point you to further reading so you can delve into topics you find particularly interesting"- aTranslated from unknown language. 7aArchitecturexStudy and teaching.2BUEsh937504 7aArchitecture students.2BUEsh937505 bENGARCcMarch2015 vReading book1 aDanielson, Scott,etranslator.937510 2ddck720.711 KRUcBB c19125d19097 00102ddc40708AlahramaMAINbMAINc2NDd2015-03-29epurchaseg360.00h318l4m38o720.711 KRUp000037837r2025-07-15 00:00:00s2018-01-20v450.00w2015-03-29yBB